000 00327 a2200121 4500
000 nam a22 7a 4500
005 20260202122220.0
100 _aPagano, Marcello; Gauvreau, Kimberlee; Mattie, Heather
_91113090
245 _aPrinciple of Biostatistics
250 _a3
260 _bTaylor & Francis
_c2022
942 _cTEXL
999 _c1678467
_d1678467